Niño se nace /
Guardado en:
| Autor Principal: | |
|---|---|
| Formato: | Libro |
| Publicado: |
Buenos Aires :
Red Editorial Iberoaméricana,
1985
|
| Materias: | |
| Etiquetas: |
Agregar Etiqueta
Sin Etiquetas, Sea el primero en etiquetar este registro!
|
| LEADER | 00536nam a22001695a 4500 | ||
|---|---|---|---|
| 001 | CEM.cems009000 | ||
| 005 | 20090918115057.0 | ||
| 008 | 130507s1985##################000#0#####d | ||
| 003 | CEMS | ||
| 082 | 0 | 4 | |a 372.21 |
| 100 | 1 | |a Tonucci, Francesco | |
| 245 | 1 | 0 | |a Niño se nace / |c Francesco Tonucci |
| 260 | |a Buenos Aires : |b Red Editorial Iberoaméricana, |c 1985 | ||
| 300 | |a 161 p. | ||
| 653 | |a Educación | ||
| 859 | |a CEMS |b BIB. CEMS - 11 de abril |h 372.21 |i T616-1 |p 18634.95 |t Ej.1 | ||
| 859 | |a CEMS |b BIB. CEMS - 11 de abril |h 372.21 |i T616-1 |p 25654.09 |t Ej.2 | ||
